As aventuras da patinha Mimi (Registo nº 2174)

Detalhes MARC
000 -Etiqueta do registo
Cabeçalho 00768nam a22002651 4500
005 - Identificador da versão
Campo de controlo 20240813121926.0
095 ## -
-- PTBN00395328
021 ## - Número do Depósito Legal
Código do país PT
Número 57679/92
100 ## - Dados gerais de processamento
Dados gerais de processamento 19931205d1992 da y0pory5003 ba
102 ## - Pais de publicação ou produção
País de publicação Portugal
101 0# - Língua de publicação
Língua do texto, banda sonora, etc. Português
106 ## - Campo de dados codificados: material textual
Dados codificados do material textual r
105 ## - Campo de dados codificados: livros
Dados codificados dos livros a z 000ay
215 ## - Descrição física 
Indicação específica da natureza do documento e extensão da espécie 51 p.
Outras indicações físicas il.
Dimensões 24 cm
200 1# - Titulo e menção de responsabilidade
Título próprio As aventuras da patinha Mimi
Primeira menção de responsabilidade Marina Algarvia
Outras menções de responsabilidade il. Ana Guerreiro
210 ## - Publicação, Distribuição, etc. 
Lugar da edição, distribuição, etc. Alverca
Nome do editor, distribuidor, etc. CEBI - Centro Comunitário
Data da publicação, distribuição, etc. D.L. 1992
606 ## - Nome comum usado como assunto
Número de registo de entrada de autoridade 0000364
Palavra de ordem Literatura portuguesa infanto-juvenil
Subdivisão de assunto Conto
675 ## - Classificação Decimal Universal (CDU)
Notação 821.134.3-34
Edição
Língua da edição por
702 #1 - Nome de autor-pessoa física (responsabilidade secundária)
Número de registo de entrada de autoridade 0000982
Palavra de ordem Guerreiro
Outra parte do nome não tomada para palavra de ordem Ana
Código de função Ilustrador / Técnico de desenho computorizado
700 #1 - Nome de autor-pessoa física (responsabilidade principal)
Número de registo de entrada de autoridade 0000981
Palavra de ordem Algarvia
Outra parte do nome não tomada para palavra de ordem Marina
Elementos de identificação ou distinção pseud.
942 ## - Elementos de entrada adicionados (Koha)
Tipo de item no Koha Livro
Exemplares
Situação do levantamento Origin of item (home branch) (coded) Biblioteca de empréstimo Código de barras Cota Circulation type (not for loan) Tipo de documento Nota do exemplar Damaged status
  Biblioteca Escolar da Coca Maravilhas Biblioteca Escolar da Coca Maravilhas BECM1696/93 8POR ALG   Livro Sem mensagem